Score 0/20 Timer 03:00
1 Play Today
Scramble Hint % Correct
ICAAFRAfrica
99%
KEYNOMMonkey
97.7%
ASTRUNSaturn
97.1%
ASSKANKansas
95.9%
TAVAARAvatar
95.8%
NAAADCCanada
95.8%
ANNBAABanana
95.7%
GYXONEOxygen
93%
SNATITTitans
92.2%
MANURTTruman
91.8%
Scramble Hint % Correct
LLEIOCCollie
91.6%
AAPPAYPapaya
90.2%
RECNCACancer
89.8%
STNOOBBoston
88.8%
ITAFJAFajita
86.3%
SPECIBBiceps
85.3%
WANORYNorway
72.6%
EMARSCScream
71.7%
STUCLOLocust
65.4%
SIAOBNBonsai
21.5%
Remove Ads.
Support Sporcle.
Get the best of Sporcle when you Go Orange. This ad-free experience offers more features, more stats, and more fun while also helping to support Sporcle. Thank you for becoming a member.

You're not logged in!

Compare scores with friends on all Sporcle quizzes.
OR
Log In

Show Comments

Extras

Top Quizzes Today


Score Distribution

Your Account Isn't Verified!

In order to create a playlist on Sporcle, you need to verify the email address you used during registration. Go to your Sporcle Settings to finish the process.

Report this User

Report this user for behavior that violates our Community Guidelines.

Details: